|
|
|
|
| LEADER |
02202nam a2200505 i 4500 |
| 001 |
EBC893916 |
| 003 |
MiAaPQ |
| 005 |
20200903223051.0 |
| 006 |
m o d | |
| 007 |
cr cnu|||||||| |
| 008 |
131122t20142014gw ob 001 0 ger|d |
| 020 |
|
|
|z 9783110274370 (alk. paper)
|
| 020 |
|
|
|a 9783110274448 (e-book)
|
| 035 |
|
|
|a (MiAaPQ)EBC893916
|
| 035 |
|
|
|a (Au-PeEL)EBL893916
|
| 035 |
|
|
|a (CaPaEBR)ebr10838254
|
| 035 |
|
|
|a (CaONFJC)MIL574223
|
| 035 |
|
|
|a (OCoLC)870589876
|
| 040 |
|
|
|a MiAaPQ
|b eng
|e rda
|e pn
|c MiAaPQ
|d MiAaPQ
|
| 043 |
|
|
|a e-pl---
|
| 050 |
|
4 |
|a DS134.55
|b .K69 2014
|
| 082 |
0 |
|
|a 940.53/1809438
|2 23
|
| 100 |
1 |
|
|a Kowitz, Stephanie.
|
| 245 |
1 |
4 |
|a Die Shoah im Spiegel offentlicher Konflikte in Polen :
|b zwischen Opfermythos und Schuldfrage (1985-2001) /
|c Stephanie Kowitz-Harms.
|
| 264 |
|
1 |
|a Berlin ;
|a Boston :
|b De Gruyter,
|c [2014]
|
| 264 |
|
4 |
|c 2014
|
| 300 |
|
|
|a 1 online resource (256 pages).
|
| 336 |
|
|
|a text
|2 rdacontent
|
| 337 |
|
|
|a computer
|2 rdamedia
|
| 338 |
|
|
|a online resource
|2 rdacarrier
|
| 490 |
1 |
|
|a Europaisch-judische Studien. Beitrage,
|x 2192-9602 ;
|v Band 4
|
| 504 |
|
|
|a Includes bibliographical references and index.
|
| 588 |
|
|
|a Description based on print version record.
|
| 590 |
|
|
|a Electronic reproduction. Ann Arbor, MI : ProQuest, 2016. Available via World Wide Web. Access may be limited to ProQuest affiliated libraries.
|
| 650 |
|
0 |
|a Holocaust, Jewish (1939-1945)
|z Poland.
|
| 650 |
|
0 |
|a National characteristics, Polish
|x Public opinion.
|
| 650 |
|
0 |
|a Public opinion
|z Poland.
|
| 650 |
|
0 |
|a Holocaust, Jewish (1939-1945)
|x Influence.
|
| 651 |
|
0 |
|a Poland
|x History
|y 20th century.
|
| 651 |
|
0 |
|a Poland
|x Ethnic relations.
|
| 655 |
|
4 |
|a Electronic books.
|
| 776 |
0 |
8 |
|i Print version:
|a Kowitz, Stephanie.
|t Shoah im Spiegel offentlicher Konflikte in Polen : zwischen Opfermythos und Schuldfrage (1985-2001).
|d Berlin : De Gruyter, [2014]
|h 247 pages
|k Europaisch-judische Studien. Beitrage ; Band 4
|z 9783110274370
|w (DLC)10838254
|
| 797 |
2 |
|
|a ProQuest (Firm)
|
| 830 |
|
0 |
|a Europaisch-judische Studien.
|p Beitrage ;
|v v. 4.
|
| 856 |
4 |
0 |
|u https://ebookcentral.proquest.com/lib/matrademy/detail.action?docID=893916
|z Click to View
|